L'Ami du lettre-année littéraire & artistique pour 1925. (Record no. 23793)

MARC details
000 -LEADER
campo de control de longitud fija 00626nam a2200181 i 4500
001 - NÚMERO DE CONTROL
campo de control 23793
003 - IDENTIFICADOR DE NÚMERO DE CONTROL
campo de control ES-MaACL
005 - FECHA Y HORA DE LA ÚLTIMA TRANSACCIÓN
campo de control 20230906152933.0
007 - CAMPO FIJO DE DESCRIPCIÓN FÍSICA--INFORMACIÓN GENERAL
campo de control de longitud fija t|
008 - DATOS DE LONGITUD FIJA--INFORMACIÓN GENERAL
campo de control de longitud fija 021212s1925 fr ||||1| fre d
245 03 - MENCIÓN DEL TÍTULO
Título L'Ami du lettre-année littéraire & artistique pour 1925.
260 ## - PUBLICACIÓN, DISTRIBUCIÓN, ETC.
Lugar de publicación, distribución, etc. París :
Nombre del editor, distribuidor, etc. G. Crés & Cie,
Fecha de publicación, distribución, etc. [1925] (
Fabricante Tours E. Arrault et Cie)
300 ## - DESCRIPCIÓN FÍSICA
Extensión 478 p. :
Otras características físicas il. ;
Dimensiones 19 cm.
490 1# - MENCIÓN DE SERIE
Mención de serie Association des courrieristes littéraires des journaux quotidiens
830 0# - PUNTO DE ACCESO ADICIONAL DE SERIE-TÍTULO UNIFORME
Título uniforme Association des courrieristes littéraires des journaux quotidiens
9 (RLIN) 229055
852 ## - LOCALIZACIÓN
Ubicación ES-MaACL
Número de control de estantería A-3937
Holdings
Estatus retirado Estado de pérdida Estado de daño No para préstamo Biblioteca de origen Biblioteca actual Ubicación en estantería Fecha de adquisición Fuente de adquisición Total de préstamos Signatura topográfica completa Código de barras Visto por última vez Precio de reemplazo Tipo de ítem Koha
        Biblioteca del Ateneo de Madrid Biblioteca del Ateneo de Madrid Sala Pecera Planta 1 17/01/2008     A-3937 1024519 23/02/2023 23/02/2023 Libro impreso